| 000 | 00381nam a22001457a 4500 | ||
|---|---|---|---|
| 008 | 150604b xxu||||| |||| 00| 0 eng d | ||
| 020 | _a9780078687198 | ||
| 041 | 0 | _aeng | |
| 080 | _a658.14 | ||
| 100 | _aKapoor, Jack R. | ||
| 245 | 0 | 0 | _aPersonal Finance: |
| 300 |
_a578 f. : _bme il. ; _c26 cm |
||
| 650 | 0 | _aFinancat personale | |
| 942 |
_2udc _cBK |
||
| 999 |
_c984 _d984 |
||